[Event "Regionalliga NW 1516"]
[Site "Bayern"]
[Date "2015.11.15"]
[Round "3.7"]
[White "Mueller, Gerhard3333"]
[Black "Doleschal, Johannes"]
[Result "1/2-1/2"]
[WhiteElo "1726"]
[BlackElo "1834"]
[PlyCount "51"]
[EventDate "2015.10.11"]
[EventType "team-tourn"]
[EventRounds "9"]
[EventCountry "GER"]
[SourceTitle "EXT 2018"]
[Source "ChessBase"]
[SourceDate "2017.10.13"]
[SourceVersion "1"]
[SourceVersionDate "2017.10.13"]
[SourceQuality "1"]
[WhiteTeam "Bad Koenigshofen"]
[BlackTeam "Kirchenlaibach"]
[WhiteTeamCountry "GER"]
[BlackTeamCountry "GER"]

1. e4 e5 2. f4 exf4 3. Nf3 d5 4. exd5 Nf6 5. Bb5+ Bd7 6. Qe2+ Be7 7. Bxd7+ Qxd7 8. c4 c6 9. d4 cxd5 10. c5 Nc6 11. Bxf4 0-0 12. 0-0 Rfe8 13. Qd3 b6 14. cxb6 axb6 15. Nc3 Bd6 16. Bxd6 Qxd6 17. a3 h6 18. Rae1 Re6 19. Nb5 Qd7 20. Rxe6 fxe6 21. Rc1 Rc8 22. h3 Ne4 23. Nc3 Na5 24. Rc2 Nxc3 25. Rxc3 Rxc3 26. Qxc3 1/2-1/2

[Event "Regionalliga NW 1213"]
[Site "Bayern"]
[Date "2013.03.17"]
[Round "8.6"]
[White "Doleschal, Johannes"]
[Black "Kuespert, Helmut"]
[Result "0-1"]
[WhiteElo "1892"]
[BlackElo "1890"]
[PlyCount "68"]
[EventDate "2012.10.14"]
[EventType "team-tourn"]
[EventRounds "9"]
[EventCountry "GER"]
[SourceTitle "EXT 2015"]
[Source "ChessBase"]
[SourceDate "2014.11.20"]
[SourceVersion "1"]
[SourceVersionDate "2014.11.20"]
[SourceQuality "1"]
[WhiteTeam "Kirchenlaibach"]
[BlackTeam "Marktleuthen"]
[WhiteTeamCountry "GER"]
[BlackTeamCountry "GER"]

1. d4 Nf6 2. c4 c5 3. d5 b5 4. cxb5 a6 5. bxa6 Bxa6 6. Nf3 g6 7. g3 d6 8. Bg2 Bg7 9. 0-0 0-0 10. Nc3 Nbd7 11. Re1 Ng4 12. Qc2 Qa5 13. Bd2 Rfb8 14. Na4 Qc7 15. Bc3 Bb5 16. Bxg7 Bxa4 17. Qc3 f6 18. h3 Nxf2 19. Kxf2 Kxg7 20. b3 Bb5 21. a4 Ba6 22. Nd4 Nf8 23. Reb1 Rc8 24. Ne6+ Nxe6 25. dxe6 Bb7 26. Bxb7 Qxb7 27. b4 cxb4 28. Qxb4 Qd5 29. Qb3 Qf5+ 30. Kg2 Qe4+ 31. Kf2 Rc5 32. Ra2 Rac8 33. a5 Rc3 34. Qb6 R8c5 0-1

[Event "Regionalliga NW 1213"]
[Site "Bayern"]
[Date "2012.10.14"]
[Round "1.6"]
[White "Doleschal, Johannes"]
[Black "Reer, Erdmann"]
[Result "1/2-1/2"]
[WhiteElo "1892"]
[BlackElo "1836"]
[PlyCount "109"]
[EventDate "2012.10.14"]
[EventType "team-tourn"]
[EventRounds "9"]
[EventCountry "GER"]
[SourceTitle "EXT 2015"]
[Source "ChessBase"]
[SourceDate "2014.11.20"]
[SourceVersion "1"]
[SourceVersionDate "2014.11.20"]
[SourceQuality "1"]
[WhiteTeam "Kirchenlaibach"]
[BlackTeam "Coburg"]
[WhiteTeamCountry "GER"]
[BlackTeamCountry "GER"]

1. d4 d5 2. c4 c6 3. Nf3 Nf6 4. Nc3 e6 5. e3 Bd6 6. Qc2 Nbd7 7. Bd3 0-0 8. 0-0 e5 9. dxe5 Nxe5 10. Nxe5 Bxe5 11. f4 Bc7 12. e4 dxe4 13. Nxe4 Nxe4 14. Bxe4 Qd4+ 15. Kh1 f5 16. Bf3 Be6 17. c5 Rad8 18. Rd1 Qc4 19. Qxc4 Rxd1+ 20. Bxd1 Bxc4 21. Bb3 Bxb3 22. axb3 Rd8 23. g3 Rd1+ 24. Kg2 a6 25. Kf2 Bd8 26. Ke2 Rh1 27. h4 Bf6 28. b4 Bxb2 29. Bxb2 Rh2+ 30. Kd3 Rxb2 31. Kc4 Rg2 32. Ra3 Kf7 33. Rd3 Re2 34. Rd7+ Re7 35. Rd3 Kg6 36. Kc3 Kh5 37. Kd2 Kg4 38. Kd1 g6 39. Kd2 Re4 40. Rb3 Kh3 41. Kd1 Rc4 42. Ke2 a5 43. bxa5 Rxc5 44. Rxb7 Rxa5 45. Rxh7 Kxg3 46. Rg7 Kxf4 47. Rxg6 Ra2+ 48. Kd3 Rh2 49. Rxc6 Rxh4 50. Ke2 Rh2+ 51. Kf1 Kg4 52. Rc3 f4 53. Ra3 Rb2 54. Rc3 f3 55. Rc8 1/2-1/2

[Event "Regionalliga NW 1112"]
[Site "Bayern"]
[Date "2012.04.15"]
[Round "9.6"]
[White "Doleschal, Johannes"]
[Black "Kuespert, Helmut"]
[Result "0-1"]
[WhiteElo "1886"]
[BlackElo "1877"]
[PlyCount "95"]
[EventDate "2011.10.02"]
[EventType "team-tourn"]
[EventRounds "9"]
[EventCountry "GER"]
[SourceTitle "EXT 2015"]
[Source "ChessBase"]
[SourceDate "2014.11.20"]
[SourceVersion "1"]
[SourceVersionDate "2014.11.20"]
[SourceQuality "1"]
[WhiteTeam "Kirchenlaibach"]
[BlackTeam "Marktleuthen"]
[WhiteTeamCountry "GER"]
[BlackTeamCountry "GER"]

1. d4 g6 2. c4 Bg7 3. Nc3 c5 4. d5 d6 5. e4 a6 6. Nf3 Nh6 7. Be2 e5 8. h3 f6 9. 0-0 0-0 10. Qc2 Nf7 11. Nh2 Bd7 12. a4 b6 13. f4 exf4 14. Bxf4 Ra7 15. Nf3 Bc8 16. Nd2 Re7 17. a5 bxa5 18. Nb3 Bd7 19. Nxa5 Qc8 20. Kh2 f5 21. exf5 Bxf5 22. Qd2 Rfe8 23. Bf3 Ne5 24. Bg5 Rf7 25. Rae1 Bxh3 26. Ne4 Nxf3+ 27. Rxf3 Be5+ 28. Bf4 Rxf4 29. Rxf4 Rf8 30. Nf6+ Rxf6 31. Rxe5 Rxf4 32. Qxf4 dxe5 33. Qxe5 Bf5 34. b4 Nd7 35. Qe1 cxb4 36. Qxb4 Qb8+ 37. Qxb8+ Nxb8 38. c5 Kf8 39. Kg3 Ke8 40. Kf4 Ke7 41. c6 Kd6 42. Nc4+ Kc7 43. g4 Bc2 44. Ne5 a5 45. Ke3 a4 46. Kd4 Bb3 47. Nc4 Bxc4 48. Kxc4 0-1

[Event "Regionalliga NW 1112"]
[Site "Bayern"]
[Date "2011.12.11"]
[Round "4.6"]
[White "Mittag, Ralf"]
[Black "Doleschal, Johannes"]
[Result "1-0"]
[WhiteElo "2038"]
[BlackElo "1886"]
[PlyCount "67"]
[EventDate "2011.10.02"]
[EventType "team-tourn"]
[EventRounds "9"]
[EventCountry "GER"]
[SourceTitle "EXT 2013"]
[Source "ChessBase"]
[SourceDate "2012.11.22"]
[SourceVersion "1"]
[SourceVersionDate "2012.11.22"]
[SourceQuality "1"]
[WhiteTeam "Bamberg"]
[BlackTeam "Kirchenlaibach"]
[WhiteTeamCountry "GER"]
[BlackTeamCountry "GER"]

1. e4 e5 2. Nf3 Nc6 3. Bb5 a6 4. Bxc6 dxc6 5. d4 exd4 6. Qxd4 Qxd4 7. Nxd4 Nf6 8. f3 Bc5 9. Be3 0-0 10. Nd2 Ba7 11. Ke2 c5 12. N4b3 b6 13. Rad1 Bb7 14. g4 Rfe8 15. Rhe1 a5 16. Kf2 Re6 17. Nc1 Rae8 18. h3 Bb8 19. Ne2 h6 20. Ng3 Bc8 21. Bf4 Nd7 22. Nc4 g5 23. Bd2 Ne5 24. Nxe5 Rxe5 25. Rh1 c6 26. h4 f6 27. Bc3 R5e6 28. Nf5 Kh7 29. hxg5 fxg5 30. Ng7 Bf4 31. Nxe6 Bxe6 32. Rh3 Bxa2 33. Rd7+ Kg8 34. Rxh6 1-0

[Event "Regionalliga NW 1011"]
[Site "Bayern"]
[Date "2011.04.10"]
[Round "9.6"]
[White "Hauck, Juergen"]
[Black "Doleschal, Johannes"]
[Result "1/2-1/2"]
[WhiteElo "1853"]
[BlackElo "1927"]
[PlyCount "27"]
[EventDate "2010.10.10"]
[EventType "team-tourn"]
[EventRounds "9"]
[EventCountry "GER"]
[SourceTitle "EXT 2012"]
[Source "ChessBase"]
[SourceDate "2011.11.24"]
[SourceVersion "1"]
[SourceVersionDate "2011.11.24"]
[SourceQuality "1"]
[WhiteTeam "Mainaschaff"]
[BlackTeam "Kirchenlaibach"]
[WhiteTeamCountry "GER"]
[BlackTeamCountry "GER"]

1. e4 e5 2. Nf3 Nc6 3. Bb5 a6 4. Ba4 Nf6 5. 0-0 Be7 6. Re1 b5 7. Bb3 d6 8. c3 0-0 9. h3 Na5 10. Bc2 c5 11. d4 Qc7 12. Nbd2 Nc6 13. dxe5 dxe5 14. Nf1 1/2-1/2

[Event "Regionalliga NW 0910"]
[Site "Bayern"]
[Date "2009.11.15"]
[Round "2.8"]
[White "Doleschal, Johannes"]
[Black "Wuest, Michael"]
[Result "1-0"]
[WhiteElo "1952"]
[BlackElo "1891"]
[PlyCount "151"]
[EventDate "2009.10.18"]
[EventType "team-tourn"]
[EventRounds "9"]
[EventCountry "GER"]
[SourceTitle "EXT 2011"]
[Source "ChessBase"]
[SourceDate "2010.11.26"]
[SourceVersion "1"]
[SourceVersionDate "2010.11.26"]
[SourceQuality "1"]
[WhiteTeam "Kirchenlaibach"]
[BlackTeam "Hof"]
[WhiteTeamCountry "GER"]
[BlackTeamCountry "GER"]

1. d4 e6 2. Nf3 d5 3. g3 Nf6 4. Bg2 Be7 5. 0-0 0-0 6. c4 dxc4 7. Qa4 Bd7 8. Qxc4 Bc6 9. Nc3 Nbd7 10. Rd1 Nb6 11. Qd3 Nbd5 12. Ne5 Nxc3 13. Nxc6 Nxe2+ 14. Qxe2 bxc6 15. Bxc6 Rb8 16. a3 Nd5 17. Ba4 Bf6 18. Qd3 Qd6 19. b4 Rfd8 20. Bc2 g6 21. Be3 Qb6 22. Rab1 h5 23. Qb3 h4 24. Be4 hxg3 25. hxg3 Qb5 26. Rdc1 Qe2 27. Bxd5 Rxd5 28. Rxc7 Qf3 29. Bf4 Qe4 30. Qc2 Qf3 31. Rc3 Qg4 32. Bxb8 Rh5 33. Rc8+ Kg7 34. Qc6 Bxd4 35. Qg2 e5 36. Rbc1 Rh3 37. Kf1 Qh5 38. g4 Qh4 39. Bd6 Rh2 40. Bf8+ Kh7 41. R1c7 Rxg2 42. Rxf7+ Kg8 43. Rg7+ Kh8 44. Be7+ Kxg7 45. Bxh4 Rxg4 46. Rc7+ Kg8 47. Bg3 Rg5 48. Ke2 Rf5 49. a4 Rh5 50. Kf3 Rf5+ 51. Ke4 Kf8 52. f4 exf4 53. Bxf4 Bg1 54. Bd6+ Ke8 55. Rg7 Rg5 56. Rb7 Rg2 57. Kd5 Rd2+ 58. Ke6 Re2+ 59. Be5 Rd2 60. Rh7 Rf2 61. Rxa7 Rf6+ 62. Kxf6 Bxa7 63. a5 Kd7 64. b5 Be3 65. Kxg6 Kc8 66. Kf5 Kb7 67. Bc3 Bg1 68. Ke6 Bh2 69. Kd7 Bg3 70. a6+ Kb8 71. Kc6 Bf2 72. Ba5 Ka8 73. Bb6 Bg3 74. Bc5 Bh2 75. b6 Bg3 76. b7+ 1-0

[Event "Amantea op-A 7th"]
[Site "Amantea"]
[Date "2009.09.07"]
[Round "9"]
[White "Rotelli, Pietro"]
[Black "Doleschal, Johannes"]
[Result "0-1"]
[WhiteElo "1974"]
[BlackElo "2014"]
[PlyCount "106"]
[EventDate "2009.08.31"]
[EventType "swiss"]
[EventRounds "9"]
[EventCountry "ITA"]
[SourceTitle "CBM 132 Extra"]
[Source "ChessBase"]
[SourceDate "2009.11.03"]
[SourceVersion "1"]
[SourceVersionDate "2009.11.03"]
[SourceQuality "1"]

1. d4 Nf6 2. c4 e6 3. Nf3 d5 4. e3 b6 5. cxd5 exd5 6. Nc3 c6 7. h3 Bd6 8. Bd3 0-0 9. 0-0 Re8 10. Qc2 Ba6 11. Bxa6 Nxa6 12. a3 h6 13. b4 Re7 14. Bb2 Nb8 15. Rfe1 Qe8 16. Nd2 a5 17. b5 c5 18. Nf3 Nbd7 19. Qb3 c4 20. Qc2 Rc8 21. Re2 Re6 22. Rae1 Qf8 23. e4 dxe4 24. Nxe4 Nxe4 25. Rxe4 Rxe4 26. Qxe4 Bxa3 27. Bxa3 Qxa3 28. Qb7 Rd8 29. Qc7 Qf8 30. Qxc4 Qd6 31. Qc6 Nf6 32. Rd1 Nd5 33. Ne5 f6 34. Qxd6 Rxd6 35. Nc4 Re6 36. Kf1 Kf8 37. Re1 Ke7 38. g3 Kd7 39. f4 Rxe1+ 40. Kxe1 Kc7 41. Kd2 f5 42. Ne5 Nf6 43. g4 fxg4 44. hxg4 Ne4+ 45. Kd3 Nd6 46. g5 hxg5 47. fxg5 Nxb5 48. g6 Nd6 49. Nf7 Kc6 50. Nd8+ Kd5 51. Nf7 b5 52. Ne5 Nf5 53. Nf3 b4 0-1

[Event "Amantea op-A 7th"]
[Site "Amantea"]
[Date "2009.09.03"]
[Round "4"]
[White "Fox, Pierre"]
[Black "Doleschal, Johannes"]
[Result "0-1"]
[WhiteElo "1796"]
[BlackElo "2014"]
[PlyCount "92"]
[EventDate "2009.08.31"]
[EventType "swiss"]
[EventRounds "9"]
[EventCountry "ITA"]
[SourceTitle "CBM 132 Extra"]
[Source "ChessBase"]
[SourceDate "2009.11.03"]
[SourceVersion "1"]
[SourceVersionDate "2009.11.03"]
[SourceQuality "1"]

1. d4 Nf6 2. c4 e6 3. Nc3 Bb4 4. g3 0-0 5. Bg2 d5 6. Nf3 Ne4 7. Qc2 Nc6 8. 0-0 f5 9. Bf4 Nxc3 10. bxc3 Bd6 11. Bg5 Be7 12. cxd5 exd5 13. Bf4 Na5 14. Ne5 c6 15. c4 dxc4 16. Nxc4 Be6 17. Nxa5 Qxa5 18. Rfb1 Qa6 19. e3 Rac8 20. Bf1 b5 21. a4 Qb6 22. Qd2 a6 23. axb5 axb5 24. Ra5 Ra8 25. Rba1 Rxa5 26. Rxa5 Bd5 27. Bd3 Bd8 28. Ra1 Bc7 29. Bg5 h6 30. Bf4 Bxf4 31. gxf4 g6 32. Bf1 Kg7 33. Be2 Rf7 34. f3 Ra7 35. Qb2 Qb7 36. Kf2 Qa8 37. Rg1 Ra2 38. Qb4 Qa3 39. Qb1 Bc4 40. Re1 Rb2 41. Qd1 Qa2 42. d5 cxd5 43. Qd4+ Kf7 44. e4 Rxe2+ 45. Rxe2 Qxe2+ 46. Kg3 Qe1+ 0-1

[Event "Amantea op-A 7th"]
[Site "Amantea"]
[Date "2009.08.31"]
[Round "1"]
[White "Doleschal, Johannes"]
[Black "Gromovs, Sergejs"]
[Result "0-1"]
[WhiteElo "2014"]
[BlackElo "2339"]
[PlyCount "96"]
[EventDate "2009.08.31"]
[EventType "swiss"]
[EventRounds "9"]
[EventCountry "ITA"]
[SourceTitle "CBM 132 Extra"]
[Source "ChessBase"]
[SourceDate "2009.11.03"]
[SourceVersion "1"]
[SourceVersionDate "2009.11.03"]
[SourceQuality "1"]

1. d4 d5 2. Nf3 Bf5 3. c4 e6 4. Nc3 c6 5. e3 Nf6 6. Bd3 Bg4 7. h3 Bh5 8. 0-0 Nbd7 9. e4 dxe4 10. Nxe4 Nxe4 11. Bxe4 Nf6 12. Re1 Bb4 13. Re3 Nxe4 14. Rxe4 0-0 15. a3 Be7 16. b4 a5 17. bxa5 Rxa5 18. Qb3 Bf6 19. Bb2 Qc7 20. Ne5 Rd8 21. Bc3 Raa8 22. g4 Bg6 23. Nxg6 hxg6 24. a4 Rd7 25. c5 Rad8 26. Qb4 Rd5 27. Rb1 R8d7 28. Qc4 Qd8 29. Rb4 g5 30. Qb3 Qa8 31. a5 Bd8 32. Ra4 Bc7 33. Kg2 Qc8 34. Qc4 Bb8 35. a6 bxa6 36. Ba5 e5 37. dxe5 Rxe5 38. Rxe5 Bxe5 39. Bb6 Rd2 40. Qe4 Bf6 41. Qe3 Qd7 42. Rxa6 g6 43. Ra7 Qd5+ 44. Qf3 Qe6 45. Rc7 Bd4 46. Rxc6 Qa2 47. Rf6 Kg7 48. Bd8 Rxf2+ 0-1

[Event "Isola d'Elba op 26th"]
[Site "Isola d'Elba"]
[Date "2008.05.10"]
[Round "4"]
[White "Doleschal, Johannes"]
[Black "Mazzetta, Renato"]
[Result "1/2-1/2"]
[WhiteElo "2037"]
[BlackElo "1908"]
[PlyCount "77"]
[EventDate "2008.05.10"]
[EventType "swiss"]
[EventRounds "9"]
[EventCountry "ITA"]
[SourceTitle "CBM 124 Extra"]
[Source "ChessBase"]
[SourceDate "2008.07.03"]
[SourceVersion "1"]
[SourceVersionDate "2008.07.03"]
[SourceQuality "1"]

1. e4 d5 2. exd5 Qxd5 3. Nc3 Qd6 4. Nf3 Nf6 5. Bc4 Bg4 6. h3 Bh5 7. 0-0 c6 8. Re1 e6 9. d3 Be7 10. Ne4 Nxe4 11. Rxe4 0-0 12. Bf4 Qd8 13. d4 Nd7 14. c3 Nf6 15. Re1 Nd5 16. Be5 Bd6 17. Bxd6 Qxd6 18. Bxd5 cxd5 19. Re5 Bxf3 20. Qxf3 f6 21. Re2 e5 22. Qg3 Qa6 23. Rae1 e4 24. a3 Rae8 25. Qf4 f5 26. Re3 Re6 27. Rg3 Qd6 28. Qxd6 Rxd6 29. f3 f4 30. Rg5 e3 31. Re2 h6 32. Rg4 g5 33. g3 Kh7 34. gxf4 gxf4 35. Reg2 Rf7 36. Kf1 Rdd7 37. Rh4 Rf5 38. Rhg4 Rff7 39. Rh4 1/2-1/2

[Event "Isola d'Elba op 26th"]
[Site "Isola d'Elba"]
[Date "2008.05.10"]
[Round "3"]
[White "Lazar, Andras"]
[Black "Doleschal, Johannes"]
[Result "1-0"]
[WhiteElo "2111"]
[BlackElo "2037"]
[PlyCount "77"]
[EventDate "2008.05.10"]
[EventType "swiss"]
[EventRounds "9"]
[EventCountry "ITA"]
[SourceTitle "CBM 124 Extra"]
[Source "ChessBase"]
[SourceDate "2008.07.03"]
[SourceVersion "1"]
[SourceVersionDate "2008.07.03"]
[SourceQuality "1"]

1. e4 e5 2. Nc3 Nc6 3. Bc4 Nf6 4. Nf3 Nxe4 5. Nxe4 d5 6. Bd3 dxe4 7. Bxe4 Ne7 8. c3 f5 9. Bc2 Qd6 10. d4 e4 11. Ne5 Be6 12. Ba4+ c6 13. 0-0 0-0-0 14. Bg5 Re8 15. Bb3 g6 16. c4 Ng8 17. c5 Qc7 18. Bxe6+ Rxe6 19. Qb3 Rxe5 20. dxe5 Qxe5 21. Rfd1 Be7 22. Bxe7 Nxe7 23. Qa3 a6 24. Qc3 Qxc3 25. bxc3 Rd8 26. c4 Rd3 27. Rxd3 exd3 28. Rd1 Kc7 29. Rxd3 Nc8 30. Rh3 h5 31. Kf1 b6 32. Rg3 bxc5 33. Rxg6 Nd6 34. Rg5 Kb6 35. Rxh5 Nxc4 36. Rxf5 Nd6 37. Rf3 c4 38. Ke1 Kb5 39. h4 1-0

[Event "Faaker See op 19th"]
[Site "Faaker See"]
[Date "2003.08.10"]
[Round "2"]
[White "Doleschal, Johannes"]
[Black "Praznik, Niko"]
[Result "0-1"]
[WhiteElo "2059"]
[BlackElo "2277"]
[PlyCount "114"]
[EventDate "2003.08.09"]
[EventType "swiss"]
[EventRounds "9"]
[EventCountry "AUT"]
[SourceTitle "CBM 095 Extra"]
[Source "ChessBase"]
[SourceDate "2003.09.04"]
[SourceVersion "1"]
[SourceVersionDate "2003.09.04"]
[SourceQuality "1"]

1. e4 e6 2. d4 d5 3. Nd2 Nc6 4. c3 dxe4 5. Nxe4 Qd5 6. Qe2 Bd7 7. f4 0-0-0 8. Nf3 Nf6 9. Neg5 Be8 10. Ne5 Nxe5 11. fxe5 Nd7 12. Qc4 Qxc4 13. Bxc4 Nb6 14. Bb3 h6 15. Nf3 c5 16. Be3 c4 17. Bc2 Nd5 18. Bd2 b5 19. b4 a5 20. a3 Kc7 21. 0-0 Ra8 22. g3 Be7 23. Be4 Bc6 24. Bxd5 Bxd5 25. Nh4 Rhf8 26. Ng2 Be4 27. Rfe1 Bc6 28. Rec1 Ra6 29. Rf1 Kd7 30. Ne3 Be4 31. Nd1 Bg6 32. Nb2 axb4 33. cxb4 Rc8 34. Bc3 Ke8 35. a4 bxa4 36. Rxa4 Rxa4 37. Nxa4 Ra8 38. Ra1 Bxb4 39. Bxb4 Bc2 40. Kf2 Bxa4 41. Ke3 Kd7 42. Kd2 Kc6 43. Kc3 Kb5 44. Bc5 f5 45. exf6 gxf6 46. Rf1 Bb3 47. Rf2 Ra1 48. Bf8 h5 49. Bh6 Bd1 50. Rf1 Ra3+ 51. Kb2 Rb3+ 52. Kc1 Bg4 53. Rxf6 c3 54. Rf8 Kc4 55. Rc8+ Kd3 56. Rc6 Ra3 57. Kb1 Bd1 0-1

[Event "Hohenloher op 10th"]
[Site "Forchtenberg"]
[Date "2003.06.21"]
[Round "5"]
[White "Schloetzer, Waldemar"]
[Black "Doleschal, Johannes"]
[Result "0-1"]
[WhiteElo "1801"]
[BlackElo "2059"]
[PlyCount "140"]
[EventDate "2003.06.19"]
[EventType "swiss"]
[EventRounds "7"]
[EventCountry "GER"]
[SourceTitle "EXT 2004"]
[Source "ChessBase"]
[SourceDate "2003.11.25"]
[SourceVersion "1"]
[SourceVersionDate "2003.11.25"]
[SourceQuality "1"]

1. d4 Nf6 2. c4 e6 3. Nc3 d5 4. cxd5 exd5 5. Bg5 Be7 6. e3 0-0 7. Bd3 Nbd7 8. Nf3 c6 9. Qc2 Re8 10. 0-0 Nf8 11. Rab1 Ne4 12. Bxe7 Qxe7 13. b4 Ng6 14. b5 Nxc3 15. Qxc3 cxb5 16. Bxb5 Bd7 17. Qb3 Red8 18. Bxd7 Rxd7 19. Rfc1 b6 20. Rc6 Rad8 21. Rbc1 h6 22. a3 Kh8 23. Qb4 Qxb4 24. axb4 f6 25. Kf1 Ne7 26. R6c3 Kg8 27. Nd2 Nf5 28. Ke2 Kf7 29. Kd3 Nd6 30. Rc7 Ke7 31. f3 f5 32. f4 Nb5 33. R7c6 Rd6 34. Nf3 Rxc6 35. Rxc6 Rd6 36. Rc1 Rd7 37. Ne5 Rb7 38. Rc6 Nd6 39. Ke2 Ne4 40. g4 fxg4 41. Nxg4 a5 42. bxa5 bxa5 43. Ra6 Rb2+ 44. Kf3 h5 45. Ra7+ Kd8 46. Ra8+ Kc7 47. Rxa5 hxg4+ 48. Kxg4 Rxh2 49. Kf5 Nd6+ 50. Kg4 Nc4 51. Ra7+ Kd6 52. Ra6+ Ke7 53. Ra7+ Kf6 54. Ra6+ Kf7 55. Ra7+ Kg8 56. Ra8+ Kh7 57. Re8 Re2 58. Rd8 Re1 59. f5 Nxe3+ 60. Kf4 Rf1+ 61. Kxe3 Rxf5 62. Rc8 g5 63. Rc1 Kg6 64. Rg1 Kh5 65. Rh1+ Kg6 66. Rg1 Rf4 67. Ra1 Re4+ 68. Kd3 g4 69. Ra5 g3 70. Rxd5 Rg4 0-1

[Event "Hohenloher op 10th"]
[Site "Forchtenberg"]
[Date "2003.06.20"]
[Round "4"]
[White "Doleschal, Johannes"]
[Black "Wartlick, Karl"]
[Result "0-1"]
[WhiteElo "2059"]
[BlackElo "2150"]
[PlyCount "62"]
[EventDate "2003.06.19"]
[EventType "swiss"]
[EventRounds "7"]
[EventCountry "GER"]
[SourceTitle "EXT 2004"]
[Source "ChessBase"]
[SourceDate "2003.11.25"]
[SourceVersion "1"]
[SourceVersionDate "2003.11.25"]
[SourceQuality "1"]

1. e4 e5 2. Nf3 Nc6 3. Bb5 f5 4. Nc3 fxe4 5. Nxe4 d5 6. Nxe5 dxe4 7. Nxc6 Qg5 8. Qe2 Nf6 9. Ne5+ c6 10. f4 Qxf4 11. d4 Qh4+ 12. g3 Qh3 13. Bc4 Be6 14. Bxe6 Qxe6 15. 0-0 Bd6 16. Nc4 0-0 17. Nxd6 Qxd6 18. c3 Qd5 19. Bf4 b5 20. Be3 Rae8 21. a4 a6 22. axb5 axb5 23. Ra7 Qe6 24. Bf4 Nd7 25. Rfa1 e3 26. Re1 Qf5 27. Bxe3 Nf6 28. Qg2 Nd5 29. Bd2 Rxe1+ 30. Bxe1 Ne3 31. Qf2 Qd3 0-1

[Event "Hohenloher op 10th"]
[Site "Forchtenberg"]
[Date "2003.06.19"]
[Round "1"]
[White "Goergen, Barbara"]
[Black "Doleschal, Johannes"]
[Result "1/2-1/2"]
[WhiteElo "1526"]
[BlackElo "2059"]
[PlyCount "75"]
[EventDate "2003.06.19"]
[EventType "swiss"]
[EventRounds "7"]
[EventCountry "GER"]
[SourceTitle "EXT 2004"]
[Source "ChessBase"]
[SourceDate "2003.11.25"]
[SourceVersion "1"]
[SourceVersionDate "2003.11.25"]
[SourceQuality "1"]

1. e4 e5 2. Nf3 Nc6 3. Nc3 Nf6 4. a3 d6 5. h3 Be7 6. d4 exd4 7. Nxd4 0-0 8. Be3 Re8 9. Bd3 Ne5 10. Be2 c6 11. Qd2 Ng6 12. 0-0-0 d5 13. exd5 Nxd5 14. Nxd5 Qxd5 15. Bf3 Qa2 16. Qc3 Bf6 17. Qb3 Qxb3 18. Nxb3 Nh4 19. Nd2 Bf5 20. Rhg1 Nxf3 21. Nxf3 b6 22. Bg5 Bxg5+ 23. Nxg5 Re2 24. Rd2 Rxd2 25. Kxd2 h6 26. Nf3 Rd8+ 27. Kc1 f6 28. c3 c5 29. Rd1 Rxd1+ 30. Kxd1 Be4 31. Ke2 Kf7 32. g3 Ke6 33. Ke3 Bf5 34. h4 Kd5 35. Nd2 b5 36. Kf4 Bc2 37. b4 cxb4 38. axb4 1/2-1/2

[Event "Porto San Giorgio op 14th"]
[Site "Porto San Giorgio"]
[Date "2002.08.20"]
[Round "1"]
[White "Popchev, Milko"]
[Black "Doleschal, Johannes"]
[Result "1-0"]
[WhiteElo "2419"]
[BlackElo "2066"]
[PlyCount "99"]
[EventDate "2002.08.20"]
[EventType "swiss"]
[EventRounds "9"]
[EventCountry "ITA"]
[SourceTitle "CBM 089 Extra"]
[Source "ChessBase"]
[SourceDate "2002.09.10"]
[SourceVersion "2"]
[SourceVersionDate "2002.09.10"]
[SourceQuality "1"]

1. b3 e5 2. Bb2 Nc6 3. c4 Nf6 4. e3 g6 5. Nf3 d6 6. d4 exd4 7. Nxd4 Bd7 8. Nc3 Bg7 9. Be2 0-0 10. 0-0 Re8 11. Nd5 Nxd4 12. Qxd4 Nh5 13. Qd2 Nf6 14. Bd4 Ne4 15. Qb2 Bxd4 16. Qxd4 Bc6 17. Nf4 Qf6 18. Qxf6 Nxf6 19. Rfd1 Re5 20. Rac1 Rc8 21. Nd3 Re7 22. Nb4 Be4 23. f3 Bc6 24. e4 a5 25. Nc2 b6 26. Nd4 Bd7 27. Bf1 Re5 28. Rd2 g5 29. Bd3 Kg7 30. Ne2 Bc6 31. Nc3 Nd7 32. Bc2 Nc5 33. a3 Ne6 34. Nd5 Nf8 35. Ne3 Bd7 36. Bb1 Ng6 37. g3 h6 38. Rf1 Ree8 39. b4 axb4 40. axb4 Ra8 41. Nd5 Ra7 42. Kg2 Ne5 43. Ra2 Rxa2+ 44. Bxa2 Ra8 45. Bb3 Ra7 46. f4 gxf4 47. gxf4 Nd3 48. Rd1 Ra3 49. Rxd3 Ba4 50. Rg3+ 1-0

[Event "Bad Woerishofen op 18th"]
[Site "Bad Woerishofen"]
[Date "2002.??.??"]
[Round "8"]
[White "Kuempers, Ulrich"]
[Black "Doleschal, Johannes"]
[Result "0-1"]
[WhiteElo "2174"]
[BlackElo "2050"]
[PlyCount "88"]
[EventDate "2002.03.??"]
[EventType "swiss"]
[EventRounds "9"]
[EventCountry "GER"]
[SourceTitle "EXT 2003"]
[Source "ChessBase"]
[SourceDate "2002.11.25"]
[SourceVersion "1"]
[SourceVersionDate "2002.11.25"]
[SourceQuality "1"]

1. d4 Nf6 2. c4 e6 3. Nf3 d5 4. Nc3 Be7 5. Bg5 0-0 6. e3 b6 7. cxd5 Nxd5 8. Nxd5 exd5 9. Bxe7 Qxe7 10. Bd3 Bb7 11. Rc1 h6 12. 0-0 c6 13. Re1 Nd7 14. h3 g6 15. Qd2 Kg7 16. e4 dxe4 17. Rxe4 Qd6 18. Rh4 Rh8 19. Re1 Nf6 20. Bc4 c5 21. dxc5 Qxc5 22. b4 Qc7 23. Ne5 Rad8 24. Qc1 g5 25. Rxh6 Rxh6 26. Qxg5+ Rg6 27. Nxg6 fxg6 28. Bb3 Rd7 29. Re6 Qc3 30. h4 Bd5 31. Bxd5 Rxd5 32. Qf4 Rd7 33. h5 Nxh5 34. Qg4 Qc1+ 35. Kh2 Qf4+ 36. Qxf4 Nxf4 37. Re4 Nd3 38. f4 Kf6 39. g4 Nf2 40. Rc4 Nxg4+ 41. Kg3 Ne3 42. Rc8 Nf5+ 43. Kg4 Rd3 44. Rc6+ Kg7 0-1

[Event "Regensburg op"]
[Site "Regensburg"]
[Date "1998.??.??"]
[Round "4"]
[White "Doleschal, Johannes"]
[Black "Ditter, Juergen"]
[Result "0-1"]
[WhiteElo "2035"]
[BlackElo "2185"]
[PlyCount "90"]
[EventDate "1998.??.??"]
[EventType "swiss"]
[EventRounds "7"]
[EventCountry "GER"]
[SourceTitle "EXT 2000"]
[Source "ChessBase"]
[SourceDate "1999.11.16"]
[SourceVersion "1"]
[SourceVersionDate "1999.11.16"]
[SourceQuality "1"]

1. e4 e5 2. Nf3 Nc6 3. Bb5 f5 4. Nc3 fxe4 5. Nxe4 d5 6. Nxe5 dxe4 7. Nxc6 Qg5 8. Ne5+ c6 9. d4 Qxg2 10. Qh5+ g6 11. Nxg6 hxg6 12. Qxh8 Qxh1+ 13. Bf1 Kf7 14. Qh7+ Bg7 15. Bg5 Qg1 16. Qh4 Qg4 17. Bc4+ Kf8 18. Qh7 Be6 19. Qxg6 Nf6 20. Bxe6 Qxe6 21. 0-0-0 Re8 22. Rg1 Ng8 23. Qh7 Nf6 24. Qg6 Qf7 25. Qf5 Qd5 26. Qg6 Qf7 27. Qf5 Qxa2 28. Rg3 Qd5 29. Qg6 Qf7 30. Qf5 Nd7 31. Qh7 Re6 32. c3 Nf6 33. Qf5 Nd5 34. Qh7 Ne7 35. Rg4 Nd5 36. c4 Nf6 37. Bxf6 Rxf6 38. Qxe4 Qxc4+ 39. Kb1 Qf1+ 40. Ka2 Qa6+ 41. Kb1 Rxf2 42. Qe6 Rf1+ 43. Kc2 Qa4+ 44. b3 Qa2+ 45. Kc3 Rc1+ 0-1